Advances in spatial analysis and decision making: proceedings of the ISPRS workshop on Spatial Analysis and Decision Making: Hong Kong, 3-5 December 2003 (Record no. 363638)

MARC details
000 -LEADER
fixed length control field 00771nam a2200217Ia 4500
008 - FIXED-LENGTH DATA ELEMENTS--GENERAL INFORMATION
fixed length control field 191130s2003##################000#0#eng##
020 ## - INTERNATIONAL STANDARD BOOK NUMBER
ISBN 9789058096524
082 ## - DEWEY DECIMAL CLASSIFICATION NUMBER
Classification number 304.23 LI
100 ## - MAIN ENTRY--AUTHOR NAME
Personal name Li, Zhilin
245 ## - TITLE STATEMENT
Title Advances in spatial analysis and decision making: proceedings of the ISPRS workshop on Spatial Analysis and Decision Making: Hong Kong, 3-5 December 2003
Statement of responsibility, etc Zhilin Li, Q. Zhou, W. Kainz
260 ## - PUBLICATION, DISTRIBUTION, ETC. (IMPRINT)
Place of publication Lisse
Name of publisher Balkema
Year of publication 2003
300 ## - PHYSICAL DESCRIPTION
Number of Pages ix, 321 p. ; 26 cm
500 ## - GENERAL NOTE
General note Includes bibliographical references and index
650 ## - SUBJECT ADDED ENTRY--TOPICAL TERM
Topical Term Geographic information systems
Topical Term Remote sensing
Topical Term Spatial analysis (Statistics)
991 ## -
-- 199700
Holdings
Withdrawn status Lost status Damaged status Not for loan Home library Current library Shelving location Date acquired Full call number Accession Number Price effective from Koha item type
        Anna Centenary Library Anna Centenary Library 3RD FLOOR, B WING 17.10.2020 304.23 LI 149874 17.10.2020 English Books

Find us on the map